期刊信息 |
| 索取号 |
D6-7/R300
|
| 题名 |
人民日报索引
|
| 作者 |
人民日报新闻信息中心主办
|
| 分册号 |
|
| 分册名 |
|
| 出版地 |
北京
|
| 出版者 |
人民日报出版社
|
| 标准刊号 |
2000-1002
|
| 出版频率 |
月刊
|
| 中图法分类 |
D6-7
|
| 主题词 |
政治 中国
|
| 电子资源 | |
| |
|
| 000 | 00651nas0 2200217 45 | |
| 001 | 0161809281 | |
| 005 | 20101012153650.40 | |
| 011 | @a2000-1002@dCNY5.00 | |
| 092 | @aCN@b2-12 | |
| 100 | @a20010830d km y0chiy0120 ea | |
| 101 | 0 | @achi |
| 102 | @aCN@b110000 | |
| 200 | 1 | @a人民日报索引@ARen Min Ri Bao Suo Yin@f人民日报新闻信息中心主办@FRen Min Ri Bao Xin Wen Xin Xi Zhong Xin Zhu Ban |
| 210 | @a北京@c人民日报出版社 | |
| 326 | @a月刊 | |
| 606 | 0 | @a政治@x中国 |
| 690 | @aD6-7@v3 | |
| 690 | @aD6-7@v4 | |
| 711 | 0 | @a人民日报新闻信息中心主办@ARen Min Ri Bao Xin Wen Xin Xi Zhong Xin Zhu Ban |
| 801 | 0 | @aCN@bPFT@c20101012 |
| 905 | @dD6-7@eR300 | |
| 人民日报索引/人民日报新闻信息中心主办.-北京:人民日报出版社 |
| ISSN 2000-1002:CNY5.00 |
| ● |
| 相关链接: |
|
|
|